000 00700nas a2200229 4500
001 BR9206494
003 BR-BrBNA
005 20231205092928.0
007 ta
008 230509b bl.|||p| |||| 00| 00por d
040 _aBR-BrBNA
_bpor
_cBiblioteca Nacional de Agricultura
041 _a(Pt)
072 _aL02
100 1 _aPizarro, E.A.
100 1 _aVera, R.R.
245 1 _aEficiencia na colheita de milho para silagem
650 _aMILHO
650 _aSILAGEM
773 0 _tArquivos da Escola de Veterinaria da Universidade Federal de Minas Gerais (Brazil)
_xISSN 0365-8384
_g(Apr 1980), v. 32(1) p. 127-130
_wBR9206494
909 _a202311
_bLúcia
_c55
_dLúcia Elande
942 _2AGRIS
_n0
_cANA
999 _c135179
_d135179